000 06345cam a22018134i 4500
003 PE-LiUPU
005 20250813165818.0
008 150706s2009 sp a r 000 0 spa d
020 _a8498352762
020 _a9788498352764
035 _a(Sirsi) i9788498352764
040 _aPE-LiUPU
_bspa
_cPE-LiUPU
_dPE-LiUPU
_erda
049 _aPRUA
082 0 4 _a618.1
_bF9
_221
245 0 0 _aFundamentos de ginecología /
_ceditores, José Manuel Bajo Arenas, José María Lailla Vicens, Jordi Xercavins Montosa.
264 1 _aMadrid :
_bPanamericana,
_c[2009] .
300 _a559 páginas :
_bilustraciones ;
_c30 centímetros
336 _atext
_2rdacontent
337 _aunmediated
_2rdamedia
338 _avolume
_2rdacarrier
505 0 _aAnatomía del aparto genital femenino -- La Pubertad -- La Menopausia -- Alteraciones menstruales por defecto. Amenorreas -- Hemorragias uterinas funcionales Anovulación: Síndrome ovarios poli quísticos -- Endocrinopatías con repercusión en la patología reproductiva de la mujer -- Consideraciones generales sobre la infección genital y de las enfermedades de transmisión sexual -- Infecciones del tracto genital inferior I Vulvitis -- Infección por VIH y SIDA -- Vigilancia de la Infección Nosocomio. Indicador de calidad -- Enfermedad inflamatoria pélvica -- Estados intersexuales I.Alteraciones de la determinación -- Estados intersexuales -- II.Alteraciones postnatales de la diferenciación: hirsutismo y virilismo -- Malformaciones del aparato genital femenino y de la mama -- Fístulas Génito-Urinarias. lesiones -- Agresiones sexuales Uretrales -- Endometriosis -- Patología ginecológica de la infancia y adolescencia -- Psiquismo y ginecopatías. Terapéutica con psicofármacos en ginecología -- Sexualidad humana. Valoración clínica y ginecológica. Protocolos y Tratamiento -- El prolapso genital Consideraciones anatómicas. Anomalías de la posición uterina -- Bases de la uro ginecología. Diagnóstico y tratamiento de la incontinencia de orina -- Desgarros perineales de tercer grado -- Epidemiología del cáncer genital. Oncogenes -- Trastornos epiteliales vulgares, hemopatías, distrofias vulgares -- Carcinoma de la Vulva. Otros tumores malignos de la vulva -- Cáncer de Vagina -- Patología tumoral benigna del cérvix y lexiones cervicales intraepiteriales -- Cáncer invasor del cuello uterino -- Patología tumoral benigna del cuerpo uterino -- Carcinoma del cuerpo uterino -- Patología tumoral del ovario. Clasificación) terminología de los tumores del ovario -- Clínica, diagnostico y tratamiento de los tumores benignos de ovario -- Cáncer de ovario. Clínica, diagnostico y tratamiento -- Cáncer de ovario. Clínica, diagnostico y tratamiento -- Procesos benignos de la mama Mastodinia: -- Procesos funcionales e inflamatorios -- Patología benigna de la mama -- Cáncer de mama I -- Cáncer de mama II -- Cáncer de mama III -- Cáncer de mama IV -- Prevención y diagnostico precoz del cáncer genital.
526 _aP203
526 _aP200
526 _aSEG65
526 _aSEG64
526 _aSEG63
526 _aSEG62
526 _aSEG61
526 _aSEG60
526 _aSEG59
526 _aSEG58
526 _aSEG57
526 _aSEG56
526 _aSEG55
526 _aSEG54
526 _aSEG53
526 _aSEG52
526 _aSEG51
526 _aSEG50
526 _aSEG49
526 _aSEG48
526 _aSEG47
526 _aSEG46
526 _aSEG24
526 _aSEG23
526 _aSEG22
526 _aSEG21
526 _aSEG20
526 _aSEG19
526 _aSEG18
526 _aSEG17
526 _aSEG16
526 _aSEG14
526 _aSEG13
526 _aSEG12
526 _aSEG11
526 _aSEG10
526 _aSEG09
526 _aSEG06
526 _aSEG05
526 _aSEG04
526 _aSEG03
526 _aSEG02
526 _aSEG68
526 _aSEG66
526 _aSEG45
526 _aSEG25
526 _aSEG01
526 _aP163
526 _aP162
526 _aP161
526 _aP160
526 _aP159
526 _aP158
526 _aP157
526 _aP156
526 _aP155
526 _aP154
526 _aP153
526 _aP152
526 _aP151
526 _aP150
526 _aP149
526 _aP142
526 _aP141
526 _aP140
526 _aP139
526 _aP138
526 _aP137
526 _aP132
526 _aP131
526 _aP130
526 _aP126
526 _aP125
526 _aP124
526 _aP123
526 _aP115
526 _aP122
526 _aP121
526 _aP116
526 _a P114
526 _aP112
526 _aP111
526 _aP104
526 _aP103
526 _aP102
526 _aP101
526 _aP100
526 _aP96
526 _aP95
526 _aP93
526 _aP92
526 _aP91
526 _aP88
526 _aP83
526 _aP82
526 _aP79
526 _aP78
526 _aP75
526 _aP74
526 _aP71
526 _aP69
526 _a P51
526 _aP49
526 _aP48
526 _aP47
526 _aP33
526 _aP31
526 _a P30
526 _aP29
526 _aP27
526 _aP26
526 _aP25
526 _aP24
526 _a P22
526 _aP10
526 _aP09
526 _a P08
526 _aP06
526 _aP05
526 _aP04
526 _aP01
541 _g015-0012181;
650 0 4 _aGinecología .
700 1 _aBajo Arenas, José Manuel,
_eeditor.
700 1 _aLailla Vicens, José María,
_eeditor.
700 1 _aXercavins Montosa, Jordi,
_eeditor.
910 _agl
_bjv
_cng
_d20101125
942 _2ddc
_cBOOK
949 _a618.1 F9
_wDEWEY
_c1
_i62355
_d2016-10-18
_e2016-10-18
_lCCODEBUL1
_mBUL
_n2
_p117.00
_r0
_sY
_tBOOK
_u2015-7-6
_xSALUD
_PP22
_0COMPRA
_o.STAFF. Colección Ciencias de la Salud
994 _aC0
_bPEPRU
596 _a1
999 _a618.1 F9
_wDEWEY
_c51395
_i62355
_d51395
_e2019-11-23
_f2021-11-4
_g5
_lCCODEBUL1
_mBUL
_n5
_p117.00
_q2
_r0
_sY
_tBOOK
_u2015-7-6
_xSALUD
_zP22
_0COMPRA
_o.STAFF. Colección Ciencias de la Salud
980 _81
_gALBERTO SANCHEZ Responsable de Automatización